| 000 | 00570nam a2200205Ia 4500 | ||
|---|---|---|---|
| 003 | GCL | ||
| 008 | 140319s9999 xx 000 0 ara d | ||
| 040 |
_aGCL / _cGCL |
||
| 082 | 0 | 4 |
_a759 _bا م |
| 100 | 1 | _aادوار الخراط | |
| 245 | 1 | 0 |
_aمائيات 86 / _cادوار الخراط |
| 300 | _a28 ص | ||
| 490 |
_aالهيئة العامة للاستعلامات _v0 |
||
| 650 | 0 | 4 | _aالفن |
| 650 | 0 | 4 | _aالرسامون |
| 650 | 0 | 4 | _aادوار الخراط |
| 650 | 0 | 4 | _aعدلى رزق الله |
| 650 | 0 | 4 | _aفنون تشكلية |
| 942 |
_2ddc _cBK |
||
| 999 |
_c51960 _d51960 |
||